Privatisation and structural change in transition economies (Record no. 3128)

MARC details
000 -LEADER
fixed length control field 00562nam a2200205Ia 4500
020 ## - INTERNATIONAL STANDARD BOOK NUMBER
ISBN 0-333-98722-5
082 ## - DEWEY DECIMAL CLASSIFICATION NUMBER
Classification number 338.947905 PRI;
100 ## - MAIN ENTRY--AUTHOR NAME
Personal name Bluth, Christoph
245 #0 - TITLE STATEMENT
Title Privatisation and structural change in transition economies
260 ## - PUBLICATION, DISTRIBUTION, ETC. (IMPRINT)
Place of publication Hampshire
Name of publisher Palgrave Macmillan
Year of publication 2003
300 ## - PHYSICAL DESCRIPTION
Number of Pages xvii, 258p.
440 ## - SERIES STATEMENT/ADDED ENTRY--TITLE
Title Euro-Asian studies
504 ## - BIBLIOGRAPHY, ETC. NOTE
Bibliography, etc Includes index
650 ## - SUBJECT ADDED ENTRY--TOPICAL TERM
Topical Term Privatization - Case studies
650 ## - SUBJECT ADDED ENTRY--TOPICAL TERM
Topical Term Economics
650 ## - SUBJECT ADDED ENTRY--TOPICAL TERM
Topical Term Economic policy
700 ## - ADDED ENTRY--PERSONAL NAME
Personal name Kalyuzhnova, Yelena
700 ## - ADDED ENTRY--PERSONAL NAME
Personal name Andreff, Wladimir
942 ## - ADDED ENTRY ELEMENTS (KOHA)
Koha item type Books
Holdings
Withdrawn status Lost status Damaged status Not for loan Home library Current library Date acquired Bill Date Full call number Accession Number Price effective from Koha item type
        NASSDOC Library NASSDOC Library 09/09/2004 2004-10-05 338.947905 PRI; 39092 18/04/2019 Books